000 00922nam a2200265Ia 4500
003 OSt
005 20221005111430.0
006 a|||||r|||| 00| 0
007 ta
008 221004b |||||||| |||| 00| 0 hin d
020 _a818143269X (hbk)
_c150
024 _a11925
037 _b340, 20/03/2014, Vani Prakashan
_cTextual
040 _aCRL
_cCRL
_bhin
041 _2hin
_ahin
082 _aO152,3N247,SH, M6;P9
100 _aमिश्र, रामदरश
245 0 _aसूखता हुआ तालाब
246 _aSūkhatā huā tālāba
260 _aनई दिल्ली
_bवाणी प्रकाशन भारत
_c2009
300 _a80पृ0
_ccm.
650 _aहिन्दी साहित्य
942 _hO152,3N247,SH, M6;P9
_cTEXL
_2cc
999 _c1021822
_d1021822